| 000 | 00358nam a2200121Ia 4500 | ||
|---|---|---|---|
| 001 | IA_4108,13/09/2007,13/09/2007,0000001987 mx A 0000000000spa00," | ||
| 002 | 26) | ||
| 008 | 220117s xx 000 0 und d | ||
| 010 | _a183496 | ||
| 090 | _aFOLLETO 2439 | ||
| 100 |
_aManjarrez R. _9155667 |
||
| 650 |
_aArroz _xFertilización _97609 |
||
| 999 |
_c183496 _d183496 |
||